01019cam a22002774a 4500999001500000001000500015003000900020005001700029008004100046020002800087020002800115040002800143082001900171100002100190245010400211250001200315260003500327300004600362490007300408504005300481650002700534700002700561700002400588942001200612952011700624 c5819d58196990BD-DhUAP20201221142023.0201221s2001 maua b 001 0 eng  a0072340525 (alk. paper) a0072340630 (alk. paper) aDLCcDLCdBD-DhUAPbeng00a658.15 ROS2231 aRoss, Stephen A.10aEssentials of corporate finance /cStephen A. Ross, Randolph W. Westerfield and Bradford D. Jordan. a3rd ed. aBoston :bMcGraw-Hill,cc2001. axxx, 574 pages :billustrations ;c26 cm. aThe McGraw-Hill/Irwin series in finance, insurance, and real estate. aIncludes bibliographical references and indexes. 0aCorporationsxFinance.1 aWesterfield, Randolph.1 aJordan, Bradford D. 2ddccBK 00102ddc4070aUAPCLbUAPCLcGeneral Stacksd2020-12-21o658.15 ROSp3010006990r2020-12-21t1w2020-12-21yBK